[Event "I Cerrado Concello de Arteixo 2015"]
[Site "Arteixo ESP"]
[Date "2015.07.17"]
[Round "9.5"]
[White "Kantans, Toms"]
[Black "Gonzalez Trigal, Jose Luis"]
[Result "1-0"]
[WhiteElo "2458"]
[BlackElo "2246"]
[PlyCount "87"]
[EventDate "2015.07.13"]
[EventType "tourn"]
[EventRounds "9"]
[EventCountry "ESP"]
[EventCategory "4"]
[Source "lmi"]
[SourceDate "2015.07.13"]
[WhiteClock "1:01:43"]
[BlackClock "0:00:39"]

1. e4 c6 2. d4 d5 3. Nc3 dxe4 4. Nxe4 Bf5 5. Ng3 Bg6 6. Nf3 Nd7 7. h4 h6 8. h5
Bh7 9. Bd3 Bxd3 10. Qxd3 e6 11. Bd2 Ngf6 12. O-O-O Be7 13. Ne4 Nxe4 14. Qxe4
Nf6 15. Qd3 O-O 16. g4 Nxg4 17. Qe2 Kh7 18. Rhg1 f5 19. Ne5 Nxe5 20. dxe5 Rf7
21. Kb1 Qd4 22. f3 Qh4 23. Rh1 Qa4 24. Qg2 f4 25. Qg6+ Kg8 26. Qxe6 c5 27. Bc3
Bg5 28. Rd5 b6 29. Rd6 Qe8 30. Qd5 Kh8 31. Rg1 Kh7 32. e6 Re7 33. Rd7 Rc8 34.
Qf5+ Kg8 35. Rxg5 hxg5 36. h6 Rd8 37. Rxd8 Qxd8 38. b3 Qe8 39. Qxg5 g6 40. Bf6
Rc7 41. Qe5 Rb7 42. e7 Kh7 43. Bg5 Rxe7 44. Bxe7 1-0